| 000 | 01189nam a22002897a 4500 | ||
|---|---|---|---|
| 005 | 20210325205331.0 | ||
| 008 | s2553 th ||||| |||| 00| 0 tha d | ||
| 020 | _a9786167238128 | ||
| 050 | _aQ175.2 ช432ผ 2553 | ||
| 100 | 0 | _aชัยวัฒน์ คุประตกุล | |
| 245 | 1 | 0 | _aผ่ามิติจินตนาการ |
| 260 | 3 |
_aกรุงเทพฯ : _bพาบุญมา, _c2553 |
|
| 300 |
_a271 หน้า : _b ภาพประกอบ ; _c 21 ซม. |
||
| 650 | 0 | 4 | _aกล้องโทรทรรศน์ |
| 650 | 0 | 4 | _aสิ่งประดิษฐ์ |
| 650 | 0 | 4 | _aการย้อนเวลา |
| 650 | 0 | 4 | _aดีเอ็นเอ |
| 650 | 0 | 4 | _aทฤษฎีสัมพันธภาพ |
| 650 | 0 | 4 | _aพันธุวิศวกรรม |
| 650 | 0 | 4 | _aมนุษย์ไบโอนิก |
| 650 | 0 | 4 | _aวิทยาศาสตร์ -- ความรู้ทั่วไป |
| 850 | _aNALT | ||
| 942 | _cGB | ||
| 997 | _a38716 ฉ.1 /38717 ฉ.2 | ||
| 997 | _c000000000063246 | ||
| 998 | _aนางสุกัญญา กัลยา | ||
| 999 |
_c63246 _d63246 |
||